| 000 | 00694nam a2200205Ia 4500 | ||
|---|---|---|---|
| 999 |
_c21897 _d21897 |
||
| 003 | OSt | ||
| 005 | 20211004170426.0 | ||
| 008 | 160316s2002 xxu||||| |||| 00| 0 eng d | ||
| 020 | _a9781860640582 | ||
| 040 | _cN | ||
| 082 |
_a341.754000 _bAND-III |
||
| 100 | _aAnderson kym | ||
| 245 | _aThe global tading system Vol. III : Exceptions to the Core rules | ||
| 260 |
_aLondon _bL B Tauris Publishers _c2002 |
||
| 300 |
_a356p _cxix |
||
| 365 | _b Rs.37,761Vols | ||
| 650 | _a1. Global Trading System - GATT2. Developing Countries - GATT3. World Trade Organisation - Developing Countries 4. Globalization - International Economic Relations | ||
| 700 |
_aHoeman Bernard _a |
||
| 942 |
_2ddc _cBK |
||